[Event "DVM U20w 2023"]
[Site "Magdeburg GER"]
[Date "2023.12.27"]
[Round "2"]
[White "Kessen, Fanny"]
[Black "Schubert, Matthea"]
[Result "1-0"]
[Termination "normal"]
[Board "9.3"]
[WhiteElo "1419"]
[BlackElo "1510"]
[WhiteClock "00:26:58"]
[BlackClock "00:23:03"]
[WhiteTeam "SC Borussia Lichtenberg"]
[BlackTeam "SC 1865 Annaberg-Buchholz"]
[PlyCount "111"]
[WhiteFideId "16217357"]
[BlackFideId "16235371"]
[EventCountry "GER"]
[EventRounds "7"]
[EventType "team-swiss"]
[EventDate "2023.12.26"]

1. e4 {[%clk 01:30:58]} {[%emt 00:00:03]} e5 {[%clk 01:30:58]} {[%emt
00:00:01]} 2. Nf3 {[%clk 01:31:24]} {[%emt 00:00:04]} Nc6 {[%clk 01:31:24]}
{[%emt 00:00:05]} 3. Bc4 {[%clk 01:31:49]} {[%emt 00:00:04]} Bc5 {[%clk
01:31:48]} {[%emt 00:00:08]} 4. d3 {[%clk 01:32:13]} {[%emt 00:00:06]} Nge7
{[%clk 01:30:33]} {[%emt 00:01:44]} 5. c3 {[%clk 01:32:08]} {[%emt 00:00:34]}
d6 {[%clk 01:23:16]} {[%emt 00:07:47]} 6. Bb3 {[%clk 01:32:18]} {[%emt
00:00:20]} Bg4 {[%clk 01:22:42]} {[%emt 00:01:05]} 7. h3 {[%clk 01:32:25]}
{[%emt 00:00:22]} Bh5 {[%clk 01:22:42]} {[%emt 00:00:30]} 8. Nbd2 {[%clk
01:31:53]} {[%emt 00:01:03]} O-O {[%clk 01:21:43]} {[%emt 00:01:28]} 9. Nf1
{[%clk 01:32:01]} {[%emt 00:00:21]} Bg6 {[%clk 01:18:17]} {[%emt 00:03:56]} 10.
Ng3 {[%clk 01:31:35]} {[%emt 00:00:56]} a6 {[%clk 01:18:05]} {[%emt 00:00:42]}
11. O-O {[%clk 01:31:55]} {[%emt 00:00:11]} Ba7 {[%clk 01:12:32]} {[%emt
00:06:04]} 12. Nh4 {[%clk 01:30:10]} {[%emt 00:02:15]} Qd7 {[%clk 01:08:02]}
{[%emt 00:04:59]} 13. Kh2 {[%clk 01:20:15]} {[%emt 00:10:25]} Nd8 {[%clk
01:02:36]} {[%emt 00:05:56]} 14. Bg5 {[%clk 01:11:44]} {[%emt 00:09:01]} Kh8
{[%clk 01:00:43]} {[%emt 00:02:23]} 15. f4 {[%clk 01:05:07]} {[%emt 00:07:07]}
exf4 {[%clk 00:57:07]} {[%emt 00:04:06]} 16. Bxf4 {[%clk 01:02:10]} {[%emt
00:03:27]} Ne6 {[%clk 00:57:07]} {[%emt 00:00:30]} 17. Qg4 {[%clk 00:59:51]}
{[%emt 00:02:48]} Rad8 {[%clk 00:52:52]} {[%emt 00:04:45]} 18. Bd2 {[%clk
00:50:03]} {[%emt 00:10:20]} c5 {[%clk 00:50:39]} {[%emt 00:02:43]} 19. Rf3
{[%clk 00:45:55]} {[%emt 00:04:38]} d5 {[%clk 00:44:36]} {[%emt 00:06:32]} 20.
Raf1 {[%clk 00:40:34]} {[%emt 00:05:52]} b5 {[%clk 00:33:02]} {[%emt 00:12:04]}
21. Nhf5 {[%clk 00:27:40]} {[%emt 00:13:23]} dxe4 {[%clk 00:29:54]} {[%emt
00:03:39]} 22. Qxe4 {[%clk 00:17:24]} {[%emt 00:10:46]} Nxf5 {[%clk 00:24:22]}
{[%emt 00:06:02]} 23. Nxf5 {[%clk 00:16:07]} {[%emt 00:01:47]} Bb8+ {[%clk
00:18:04]} {[%emt 00:06:49]} 24. Kh1 {[%clk 00:15:10]} {[%emt 00:01:26]} Rde8
{[%clk 00:13:58]} {[%emt 00:04:36]} 25. Qd5 {[%clk 00:11:05]} {[%emt 00:04:35]}
Qc7 {[%clk 00:12:21]} {[%emt 00:02:06]} 26. Kg1 {[%clk 00:06:18]} {[%emt
00:05:18]} Bh5 {[%clk 00:07:59]} {[%emt 00:04:53]} 27. Bf4 {[%clk 00:03:30]}
{[%emt 00:03:17]} Nxf4 {[%clk 00:08:00]} {[%emt 00:00:29]} 28. Rxf4 {[%clk
00:03:57]} {[%emt 00:00:04]} Be2 {[%clk 00:07:47]} {[%emt 00:00:44]} 29. Qd6
{[%clk 00:01:19]} {[%emt 00:03:08]} Bxf1 {[%clk 00:07:22]} {[%emt 00:00:54]}
30. Qxc7 {[%clk 00:01:26]} {[%emt 00:00:22]} Bxc7 {[%clk 00:07:51]} {[%emt
00:00:03]} 31. Rxf1 {[%clk 00:01:43]} {[%emt 00:00:12]} Re2 {[%clk 00:07:30]}
{[%emt 00:00:52]} 32. Rf2 {[%clk 00:01:22]} {[%emt 00:00:50]} Re1+ {[%clk
00:07:10]} {[%emt 00:00:50]} 33. Rf1 {[%clk 00:01:21]} {[%emt 00:00:32]} Bh2+
{[%clk 00:07:38]} {[%emt 00:00:01]} 34. Kf2 {[%clk 00:01:14]} {[%emt 00:00:37]}
Rxf1+ {[%clk 00:07:43]} {[%emt 00:00:25]} 35. Kxf1 {[%clk 00:01:43]} Bc7 {[%clk
00:07:43]} {[%emt 00:00:26]} 36. Ne3 {[%clk 00:01:27]} {[%emt 00:00:50]} Rd8
{[%clk 00:07:48]} {[%emt 00:00:26]} 37. Bc2 {[%clk 00:01:02]} {[%emt 00:00:55]}
Bf4 {[%clk 00:07:30]} {[%emt 00:00:45]} 38. Kf2 {[%clk 00:00:48]} {[%emt
00:00:47]} Bxe3+ {[%clk 00:07:03]} {[%emt 00:00:56]} 39. Kxe3 {[%clk 00:01:15]}
{[%emt 00:00:04]} Re8+ {[%clk 00:07:13]} {[%emt 00:00:20]} 40. Kf2 {[%clk
00:01:25]} {[%emt 00:00:21]} g6 {[%clk 00:07:24]} {[%emt 00:00:19]} 41. d4
{[%clk 00:00:49]} {[%emt 00:01:06]} c4 {[%clk 00:30:05]} {[%emt 00:07:49]} 42.
Bd1 {[%clk 00:28:50]} {[%emt 00:02:29]} a5 {[%clk 00:28:30]} {[%emt 00:02:04]}
43. Bf3 {[%clk 00:28:30]} {[%emt 00:00:50]} b4 {[%clk 00:22:55]} {[%emt
00:06:06]} 44. Bc6 {[%clk 00:26:11]} {[%emt 00:02:49]} f5 {[%clk 00:20:03]}
{[%emt 00:03:20]} 45. Bxe8 {[%clk 00:26:14]} {[%emt 00:00:28]} Kg7 {[%clk
00:20:15]} {[%emt 00:00:19]} 46. Bb5 {[%clk 00:25:54]} {[%emt 00:00:49]} Kf6
{[%clk 00:20:19]} {[%emt 00:00:26]} 47. d5 {[%clk 00:25:14]} {[%emt 00:01:11]}
Ke5 {[%clk 00:20:40]} {[%emt 00:00:07]} 48. Bxc4 {[%clk 00:25:04]} {[%emt
00:00:41]} h6 {[%clk 00:20:53]} {[%emt 00:00:17]} 49. cxb4 {[%clk 00:25:00]}
{[%emt 00:00:35]} axb4 {[%clk 00:21:14]} {[%emt 00:00:08]} 50. a3 {[%clk
00:25:20]} {[%emt 00:00:09]} bxa3 {[%clk 00:21:32]} {[%emt 00:00:12]} 51. bxa3
{[%clk 00:25:49]} {[%emt 00:00:01]} Kd6 {[%clk 00:21:55]} {[%emt 00:00:07]} 52.
a4 {[%clk 00:25:44]} {[%emt 00:00:35]} Kc5 {[%clk 00:22:19]} {[%emt 00:00:06]}
53. a5 {[%clk 00:25:56]} {[%emt 00:00:19]} Kxc4 {[%clk 00:22:14]} {[%emt
00:00:36]} 54. d6 {[%clk 00:26:20]} {[%emt 00:00:06]} Kb5 {[%clk 00:22:37]}
{[%emt 00:00:06]} 55. d7 {[%clk 00:26:42]} {[%emt 00:00:08]} Kxa5 {[%clk
00:23:03]} {[%emt 00:00:05]} 56. d8=Q+ {[%clk 00:26:58]} {[%emt 00:00:11]} 1-0

[Event "DVM U20w 2023"]
[Site "Magdeburg GER"]
[Date "2023.12.27"]
[Round "2"]
[White "Berndt, Christiane"]
[Black "Ludwig, Lea"]
[Result "1-0"]
[Termination "normal"]
[Board "9.4"]
[WhiteElo "1297"]
[BlackElo "1333"]
[WhiteClock "00:10:34"]
[BlackClock "00:57:16"]
[WhiteTeam "SC 1865 Annaberg-Buchholz"]
[BlackTeam "SC Borussia Lichtenberg"]
[PlyCount "85"]
[WhiteFideId "16235363"]
[BlackFideId "16217381"]
[EventCountry "GER"]
[EventRounds "7"]
[EventType "team-swiss"]
[EventDate "2023.12.26"]

1. e4 {[%clk 01:30:54]} {[%emt 00:00:05]} e5 {[%clk 01:30:55]} {[%emt
00:00:07]} 2. Nf3 {[%clk 01:31:01]} {[%emt 00:00:21]} Nc6 {[%clk 01:31:18]}
{[%emt 00:00:07]} 3. Bc4 {[%clk 01:31:14]} {[%emt 00:00:17]} Nf6 {[%clk
01:31:00]} {[%emt 00:00:48]} 4. Ng5 {[%clk 01:30:31]} {[%emt 00:01:11]} d5
{[%clk 01:30:40]} {[%emt 00:00:51]} 5. exd5 {[%clk 01:30:27]} {[%emt 00:00:34]}
Na5 {[%clk 01:28:26]} {[%emt 00:02:45]} 6. Bb5+ {[%clk 01:28:01]} {[%emt
00:02:54]} Bd7 {[%clk 01:27:48]} {[%emt 00:01:10]} 7. Qe2 {[%clk 01:25:02]}
{[%emt 00:03:28]} Bd6 {[%clk 01:23:42]} {[%emt 00:04:36]} 8. d4 {[%clk
01:23:18]} {[%emt 00:02:14]} O-O {[%clk 01:20:44]} {[%emt 00:03:28]} 9. O-O
{[%clk 01:18:19]} {[%emt 00:05:30]} exd4 {[%clk 01:20:51]} {[%emt 00:00:22]}
10. c3 {[%clk 01:14:15]} {[%emt 00:04:33]} a6 {[%clk 01:18:47]} {[%emt
00:02:35]} 11. Bxd7 {[%clk 01:13:41]} {[%emt 00:01:03]} Qxd7 {[%clk 01:18:39]}
{[%emt 00:00:40]} 12. b4 {[%clk 01:13:42]} {[%emt 00:00:29]} Nxd5 {[%clk
01:18:07]} {[%emt 00:01:01]} 13. bxa5 {[%clk 01:13:06]} {[%emt 00:01:07]} dxc3
{[%clk 01:18:15]} {[%emt 00:00:23]} 14. Qf3 {[%clk 01:10:56]} {[%emt 00:02:39]}
Bb4 {[%clk 01:18:21]} {[%emt 00:00:25]} 15. Rd1 {[%clk 01:03:13]} {[%emt
00:08:12]} c6 {[%clk 01:17:11]} {[%emt 00:01:42]} 16. Nxc3 {[%clk 01:01:34]}
{[%emt 00:02:08]} Bxc3 {[%clk 01:17:33]} {[%emt 00:00:08]} 17. Qxc3 {[%clk
01:01:45]} {[%emt 00:00:18]} Rfe8 {[%clk 01:14:29]} {[%emt 00:03:34]} 18. Qd3
{[%clk 00:52:53]} {[%emt 00:09:16]} Nf6 {[%clk 01:10:57]} {[%emt 00:04:08]} 19.
Qc2 {[%clk 00:43:39]} {[%emt 00:09:30]} Qc7 {[%clk 01:09:13]} {[%emt 00:02:26]}
20. Bb2 {[%clk 00:42:42]} {[%emt 00:01:28]} h6 {[%clk 01:09:25]} {[%emt
00:00:19]} 21. Bxf6 {[%clk 00:40:50]} {[%emt 00:02:21]} hxg5 {[%clk 01:09:21]}
{[%emt 00:00:35]} 22. Bxg5 {[%clk 00:40:59]} {[%emt 00:00:21]} Qe5 {[%clk
01:09:40]} {[%emt 00:00:11]} 23. Bd2 {[%clk 00:36:05]} {[%emt 00:05:20]} Rad8
{[%clk 01:08:44]} {[%emt 00:01:30]} 24. Bc3 {[%clk 00:35:05]} {[%emt 00:01:30]}
Qg5 {[%clk 01:05:28]} {[%emt 00:03:45]} 25. g3 {[%clk 00:30:53]} {[%emt
00:04:42]} Qg4 {[%clk 01:04:48]} {[%emt 00:01:10]} 26. Kg2 {[%clk 00:29:12]}
{[%emt 00:02:12]} Qc4 {[%clk 01:02:19]} {[%emt 00:02:57]} 27. Rd2 {[%clk
00:25:14]} {[%emt 00:04:28]} Rxd2 {[%clk 01:00:38]} {[%emt 00:02:11]} 28. Qxd2
{[%clk 00:23:16]} {[%emt 00:02:28]} Re2 {[%clk 01:00:50]} {[%emt 00:00:18]} 29.
Qd8+ {[%clk 00:20:16]} {[%emt 00:03:28]} Kh7 {[%emt 00:00:19]} 30. Qd4 {[%clk
00:17:17]} {[%emt 00:03:27]} Qd5+ {[%clk 00:59:57]} {[%emt 00:01:40]} 31. Kf1
{[%clk 00:15:13]} {[%emt 00:02:34]} Qxd4 {[%clk 00:59:36]} {[%emt 00:00:51]}
32. Bxd4 {[%clk 00:15:16]} {[%emt 00:00:27]} Rd2 {[%clk 00:59:48]} {[%emt
00:00:18]} 33. Be3 {[%clk 00:15:14]} {[%emt 00:00:30]} Rd5 {[%clk 01:00:09]}
{[%emt 00:00:11]} 34. Rb1 {[%clk 00:14:39]} {[%emt 00:01:03]} Rxa5 {[%clk
01:00:20]} {[%emt 00:00:22]} 35. Rxb7 {[%clk 00:14:39]} {[%emt 00:00:29]} c5
{[%clk 00:59:25]} {[%emt 00:01:25]} 36. Rxf7 {[%clk 00:14:08]} {[%emt
00:00:59]} c4 {[%clk 00:59:33]} {[%emt 00:00:24]} 37. Rc7 {[%clk 00:13:57]}
{[%emt 00:00:36]} Ra4 {[%clk 00:59:23]} {[%emt 00:00:45]} 38. Bd4 {[%clk
00:13:43]} {[%emt 00:00:39]} Rxa2 {[%clk 00:56:04]} {[%emt 00:03:53]} 39. Rxc4
{[%clk 00:13:03]} {[%emt 00:01:09]} a5 {[%clk 00:56:20]} {[%emt 00:00:16]} 40.
Rc7 {[%clk 00:12:55]} {[%emt 00:00:37]} a4 {[%clk 00:56:28]} {[%emt 00:00:23]}
41. Rxg7+ {[%clk 00:12:09]} {[%emt 00:01:15]} Kh6 {[%clk 00:56:56]} {[%emt
00:00:04]} 42. Kg2 {[%clk 00:10:34]} {[%emt 00:02:06]} Rd2 {[%clk 00:57:16]}
{[%emt 00:00:09]} 43. Be3+ {[%emt 00:01:34]} 1-0

[Event "DVM U20w 2023"]
[Site "Magdeburg GER"]
[Date "2023.12.27"]
[Round "2"]
[White "Wolterink, Jule"]
[Black "Foltin, Alica"]
[Result "1/2-1/2"]
[Termination "normal"]
[Board "10.1"]
[WhiteElo "1474"]
[BlackElo "1744"]
[WhiteClock "00:07:20"]
[BlackClock "00:15:47"]
[WhiteTeam "SK Lehrte 1919"]
[BlackTeam "SV Erkenschwick 1923"]
[PlyCount "76"]
[WhiteFideId "12981206"]
[BlackFideId "34606920"]
[EventCountry "GER"]
[EventRounds "7"]
[EventType "team-swiss"]
[EventDate "2023.12.26"]

1. d4 {[%clk 01:30:47]} {[%emt 00:00:11]} Nf6 {[%clk 01:30:51]} {[%emt
00:00:10]} 2. Nf3 {[%clk 01:31:08]} {[%emt 00:00:10]} g6 {[%clk 01:31:14]}
{[%emt 00:00:07]} 3. Bf4 {[%clk 01:31:24]} {[%emt 00:00:15]} Bg7 {[%clk
01:31:37]} {[%emt 00:00:05]} 4. e3 {[%clk 01:31:10]} {[%emt 00:00:44]} O-O
{[%clk 01:31:55]} {[%emt 00:00:12]} 5. Be2 {[%clk 01:31:36]} {[%emt 00:00:05]}
d6 {[%clk 01:32:19]} {[%emt 00:00:06]} 6. h3 {[%clk 01:31:34]} {[%emt
00:00:31]} Nbd7 {[%clk 01:32:32]} {[%emt 00:00:18]} 7. O-O {[%clk 01:30:46]}
{[%emt 00:01:17]} b6 {[%clk 01:32:38]} {[%emt 00:00:25]} 8. c4 {[%clk
01:28:56]} {[%emt 00:02:20]} Re8 {[%clk 01:32:01]} {[%emt 00:01:07]} 9. Nc3
{[%clk 01:26:06]} {[%emt 00:03:19]} Bb7 {[%clk 01:32:13]} {[%emt 00:00:17]} 10.
b4 {[%clk 01:21:06]} {[%emt 00:05:31]} e5 {[%clk 01:32:19]} {[%emt 00:00:24]}
11. Bh2 {[%clk 01:20:26]} {[%emt 00:01:09]} a6 {[%clk 01:27:56]} {[%emt
00:04:53]} 12. Rc1 {[%clk 01:15:54]} {[%emt 00:05:02]} exd4 {[%clk 01:20:27]}
{[%emt 00:08:00]} 13. Nxd4 {[%clk 01:14:29]} {[%emt 00:01:55]} Ne5 {[%clk
01:16:07]} {[%emt 00:04:50]} 14. Qb3 {[%clk 01:02:50]} {[%emt 00:12:10]} Ne4
{[%clk 01:14:37]} {[%emt 00:01:59]} 15. Nxe4 {[%clk 00:58:20]} {[%emt
00:05:00]} Bxe4 {[%clk 01:14:46]} {[%emt 00:00:21]} 16. Rfd1 {[%clk 00:51:05]}
{[%emt 00:07:45]} Qg5 {[%clk 01:03:59]} {[%emt 00:11:15]} 17. Bg3 {[%clk
00:48:04]} {[%emt 00:03:32]} h5 {[%clk 01:02:40]} {[%emt 00:01:49]} 18. h4
{[%clk 00:48:06]} {[%emt 00:00:29]} Qe7 {[%clk 00:59:07]} {[%emt 00:04:02]} 19.
f3 {[%clk 00:41:38]} {[%emt 00:06:59]} Bb7 {[%clk 00:58:35]} {[%emt 00:01:02]}
20. c5 {[%clk 00:40:41]} {[%emt 00:01:27]} Bf6 {[%clk 00:53:19]} {[%emt
00:05:45]} 21. cxd6 {[%clk 00:22:25]} {[%emt 00:18:46]} cxd6 {[%clk 00:53:31]}
{[%emt 00:00:18]} 22. Bxe5 {[%clk 00:20:37]} {[%emt 00:02:19]} Qxe5 {[%clk
00:52:16]} {[%emt 00:01:44]} 23. e4 {[%clk 00:15:16]} {[%emt 00:05:51]} Bxh4
{[%clk 00:51:27]} {[%emt 00:01:20]} 24. Rc7 {[%clk 00:14:49]} {[%emt 00:00:57]}
Re7 {[%clk 00:51:09]} {[%emt 00:00:46]} 25. Nc6 {[%clk 00:14:00]} {[%emt
00:01:21]} Bxc6 {[%clk 00:50:46]} {[%emt 00:00:53]} 26. Rxc6 {[%clk 00:14:26]}
{[%emt 00:00:05]} Qg3 {[%clk 00:47:20]} {[%emt 00:03:55]} 27. Bc4 {[%clk
00:10:54]} {[%emt 00:04:04]} Qf2+ {[%clk 00:46:13]} {[%emt 00:01:37]} 28. Kh1
{[%emt 00:00:07]} Bg5 {[%clk 00:43:09]} {[%emt 00:03:31]} 29. Rcxd6 {[%clk
00:09:41]} {[%emt 00:02:08]} Be3 {[%clk 00:41:09]} {[%emt 00:02:29]} 30. Bxf7+
{[%clk 00:06:53]} {[%emt 00:03:20]} Rxf7 {[%clk 00:38:48]} {[%emt 00:02:50]}
31. Rd8+ {[%clk 00:06:20]} {[%emt 00:01:04]} Rxd8 {[%clk 00:39:01]} {[%emt
00:00:17]} 32. Rxd8+ {[%clk 00:06:48]} {[%emt 00:00:01]} Kg7 {[%clk 00:39:15]}
{[%emt 00:00:16]} 33. Qc3+ {[%clk 00:07:10]} {[%emt 00:00:09]} Rf6 {[%clk
00:22:27]} {[%emt 00:17:18]} 34. Qc7+ {[%clk 00:07:06]} {[%emt 00:00:34]} Kh6
{[%clk 00:18:31]} {[%emt 00:04:24]} 35. Rh8+ {[%clk 00:07:19]} {[%emt
00:00:18]} Kg5 {[%clk 00:18:45]} {[%emt 00:00:14]} 36. Qe5+ {[%clk 00:07:20]}
{[%emt 00:00:31]} Rf5 {[%clk 00:18:43]} {[%emt 00:00:31]} 37. Qe7+ {[%clk
00:07:24]} {[%emt 00:00:26]} Rf6 {[%clk 00:15:38]} {[%emt 00:03:36]} 38. Qe5+
{[%clk 00:07:20]} {[%emt 00:00:34]} Rf5 {[%clk 00:15:47]} {[%emt 00:00:20]}
1/2-1/2

[Event "DVM U20w 2023"]
[Site "Magdeburg GER"]
[Date "2023.12.27"]
[Round "2"]
[White "Pollerberg, Amélie"]
[Black "Stelter, Finja"]
[Result "1/2-1/2"]
[Termination "normal"]
[Board "10.2"]
[WhiteElo "1576"]
[BlackElo "1310"]
[WhiteClock "00:15:56"]
[BlackClock "00:12:46"]
[WhiteTeam "SV Erkenschwick 1923"]
[BlackTeam "SK Lehrte 1919"]
[PlyCount "114"]
[WhiteFideId "34620788"]
[BlackFideId "16298624"]
[EventCountry "GER"]
[EventRounds "7"]
[EventType "team-swiss"]
[EventDate "2023.12.26"]

1. c4 {[%clk 01:30:57]} {[%emt 00:00:02]} Nf6 {[%clk 01:30:38]} {[%emt
00:00:24]} 2. Nc3 {[%clk 01:31:19]} {[%emt 00:00:07]} e5 {[%clk 01:30:15]}
{[%emt 00:00:52]} 3. g3 {[%clk 01:31:28]} {[%emt 00:00:22]} c5 {[%clk
01:29:23]} {[%emt 00:01:23]} 4. Bg2 {[%clk 01:31:16]} {[%emt 00:00:42]} d6
{[%clk 01:29:12]} {[%emt 00:00:40]} 5. Nf3 {[%clk 01:31:00]} {[%emt 00:00:47]}
Nc6 {[%clk 01:28:38]} {[%emt 00:01:04]} 6. O-O {[%clk 01:31:16]} {[%emt
00:00:14]} Be6 {[%clk 01:26:47]} {[%emt 00:02:21]} 7. b3 {[%clk 01:27:24]}
{[%emt 00:04:22]} Be7 {[%clk 01:23:47]} {[%emt 00:03:29]} 8. Bb2 {[%clk
01:27:36]} {[%emt 00:00:18]} O-O {[%clk 01:22:54]} {[%emt 00:01:24]} 9. e3
{[%clk 01:22:58]} {[%emt 00:05:09]} Qc8 {[%clk 01:17:07]} {[%emt 00:06:16]} 10.
d4 {[%clk 01:18:53]} {[%emt 00:04:35]} Bg4 {[%clk 01:07:16]} {[%emt 00:10:19]}
11. dxe5 {[%clk 01:07:15]} {[%emt 00:12:10]} Nxe5 {[%clk 01:05:13]} {[%emt
00:02:33]} 12. Nd5 {[%clk 01:04:57]} {[%emt 00:02:48]} Nxd5 {[%clk 00:56:13]}
{[%emt 00:09:29]} 13. Qxd5 {[%clk 01:04:11]} {[%emt 00:01:16]} Nxf3+ {[%clk
00:53:34]} {[%emt 00:03:10]} 14. Bxf3 {[%clk 01:04:30]} {[%emt 00:00:10]} Bxf3
{[%clk 00:53:56]} {[%emt 00:00:08]} 15. Qxf3 {[%clk 01:04:53]} {[%emt
00:00:07]} Qd7 {[%clk 00:50:54]} {[%emt 00:03:24]} 16. Rad1 {[%clk 01:02:47]}
{[%emt 00:02:43]} b5 {[%clk 00:49:22]} {[%emt 00:02:03]} 17. Qf4 {[%clk
00:59:06]} {[%emt 00:04:10]} bxc4 {[%clk 00:47:04]} {[%emt 00:02:48]} 18. Qxc4
{[%clk 00:59:22]} {[%emt 00:00:15]} Rab8 {[%clk 00:43:30]} {[%emt 00:04:04]}
19. Qxc5 {[%clk 00:57:38]} {[%emt 00:02:14]} Rfc8 {[%clk 00:36:01]} {[%emt
00:07:58]} 20. Qd5 {[%clk 00:56:11]} {[%emt 00:01:58]} Rc2 {[%clk 00:33:54]}
{[%emt 00:02:35]} 21. Rd2 {[%clk 00:55:20]} {[%emt 00:01:23]} Rxd2 {[%clk
00:31:09]} {[%emt 00:03:15]} 22. Qxd2 {[%clk 00:55:41]} {[%emt 00:00:08]} Qb5
{[%clk 00:28:41]} {[%emt 00:02:52]} 23. Rc1 {[%clk 00:49:36]} {[%emt 00:06:40]}
f6 {[%clk 00:28:02]} {[%emt 00:01:11]} 24. Rc7 {[%emt 00:03:09]} Rb7 {[%clk
00:27:34]} {[%emt 00:00:56]} 25. Rxb7 {[%clk 00:42:52]} {[%emt 00:04:36]} Qxb7
{[%clk 00:27:34]} {[%emt 00:00:30]} 26. Qd4 {[%clk 00:39:28]} {[%emt 00:03:54]}
Kf7 {[%clk 00:27:16]} {[%emt 00:00:48]} 27. e4 {[%clk 00:33:30]} {[%emt
00:06:28]} g6 {[%clk 00:24:37]} {[%emt 00:03:08]} 28. Qd5+ {[%clk 00:31:51]}
{[%emt 00:02:10]} Qxd5 {[%clk 00:24:49]} {[%emt 00:00:19]} 29. exd5 {[%clk
00:32:15]} {[%emt 00:00:06]} Ke8 {[%clk 00:24:51]} {[%emt 00:00:27]} 30. Kf1
{[%clk 00:30:46]} {[%emt 00:01:59]} Kd7 {[%clk 00:25:07]} {[%emt 00:00:14]} 31.
Ke2 {[%clk 00:30:48]} {[%emt 00:00:29]} Kc7 {[%clk 00:25:28]} {[%emt 00:00:08]}
32. Bd4 {[%clk 00:28:28]} {[%emt 00:02:50]} a5 {[%clk 00:25:14]} {[%emt
00:00:44]} 33. a4 {[%clk 00:28:41]} {[%emt 00:00:18]} Kd7 {[%clk 00:24:15]}
{[%emt 00:01:30]} 34. Kd3 {[%clk 00:27:41]} {[%emt 00:01:29]} Bd8 {[%clk
00:24:23]} {[%emt 00:00:22]} 35. Kc4 {[%clk 00:27:57]} {[%emt 00:00:15]} Ke7
{[%clk 00:24:13]} {[%emt 00:00:39]} 36. Kb5 {[%clk 00:27:39]} {[%emt 00:00:48]}
h5 {[%clk 00:23:51]} {[%emt 00:00:52]} 37. Bb6 {[%clk 00:25:11]} {[%emt
00:02:59]} Bxb6 {[%clk 00:22:25]} {[%emt 00:01:56]} 38. Kxb6 {[%clk 00:25:34]}
{[%emt 00:00:07]} f5 {[%clk 00:22:35]} {[%emt 00:00:19]} 39. f4 {[%clk
00:25:52]} {[%emt 00:00:13]} Kf6 {[%clk 00:22:53]} {[%emt 00:00:11]} 40. Kxa5
{[%clk 00:26:01]} {[%emt 00:00:21]} g5 {[%clk 00:22:41]} {[%emt 00:00:42]} 41.
Kb6 {[%clk 00:26:10]} {[%emt 00:00:21]} h4 {[%clk 00:22:48]} {[%emt 00:00:24]}
42. gxh4 {[%clk 00:26:00]} {[%emt 00:00:40]} gxf4 {[%clk 00:23:00]} {[%emt
00:00:18]} 43. a5 {[%clk 00:25:36]} {[%emt 00:00:54]} f3 {[%clk 00:23:18]}
{[%emt 00:00:12]} 44. a6 {[%clk 00:25:31]} {[%emt 00:00:34]} f2 {[%clk
00:23:42]} {[%emt 00:00:07]} 45. a7 {[%clk 00:25:08]} {[%emt 00:00:53]} f1=Q
{[%clk 00:23:58]} {[%emt 00:00:13]} 46. a8=Q {[%clk 00:25:26]} {[%emt
00:00:12]} Qf2+ {[%clk 00:21:14]} {[%emt 00:03:14]} 47. Kc7 {[%clk 00:25:08]}
{[%emt 00:00:49]} Qc5+ {[%clk 00:18:37]} {[%emt 00:03:01]} 48. Qc6 {[%clk
00:25:03]} {[%emt 00:00:41]} Qa7+ {[%clk 00:17:40]} {[%emt 00:01:11]} 49. Kc8
{[%clk 00:22:56]} {[%emt 00:02:51]} Qe7 {[%clk 00:16:46]} {[%emt 00:01:13]} 50.
b4 {[%clk 00:21:32]} {[%emt 00:02:07]} f4 {[%clk 00:13:14]} {[%emt 00:04:03]}
51. b5 {[%clk 00:21:29]} {[%emt 00:00:32]} Qf8+ {[%clk 00:12:34]} {[%emt
00:01:11]} 52. Kc7 {[%clk 00:20:26]} {[%emt 00:01:33]} Qe7+ {[%clk 00:12:13]}
{[%emt 00:00:50]} 53. Qd7 {[%clk 00:19:50]} {[%emt 00:01:06]} f3 {[%clk
00:12:15]} {[%emt 00:00:28]} 54. Qxe7+ {[%clk 00:16:33]} {[%emt 00:03:47]} Kxe7
{[%clk 00:12:21]} {[%emt 00:00:24]} 55. b6 {[%clk 00:15:18]} {[%emt 00:01:45]}
f2 {[%clk 00:12:43]} {[%emt 00:00:09]} 56. b7 {[%clk 00:15:36]} {[%emt
00:00:12]} f1=Q {[%clk 00:13:04]} {[%emt 00:00:08]} 57. b8=Q {[%clk 00:15:56]}
{[%emt 00:00:10]} Qc4+ {[%clk 00:12:46]} {[%emt 00:00:49]} 1/2-1/2